000 00860nam 22002173 4500
001 200745
090 _a200745
100 _a20260225d u||y0pory50 ba
200 _aAs cantigas de Pero Meogo
_festabelecimento crítico dos textos, análise literária, glossário e reprodução facsimilar dos manuscritos por Leodegário A. de Azevedo Filho
210 _aRio de Janeiro
_cGerna e Artes Gráficas
_d1974
215 _a148, [1] p.
_cbrochado
_d21 cm
225 _aOscar Nobiling
300 _a. - [4] folhas em fac-símiles
317 _a. - oferta com dedicatória de Leodegário A. de Azevedo Filho ao Prof. Almeida Faria
606 _96
_aLiteratura Portuguesa
610 _aEnsaios
675 _a821.134.3(81)-4Meogo, Pero
_vBR
_zpor
702 _91766
_aFilho
_bLeodegário A. de Azevedo
_f1927-2011
801 _aPT
_bBMMN
_gRPC
830 _cAna
_fAna
990 _cLIVROS